Statystyki dla Które państwo na Ziemii?

Kliknij tutaj aby rozwiązać quiz!

Ogólne statystyki

  • Ten quiz został rozwiązany 121 razy
  • Średni wynik to 5 z 19

Statystyki odpowiedzi

Co wyrużnia to państwo?Państwo% Poprawnych
Państwo w którym co ósmy mieszkaniec w pewnym momencie pracował w McDonaldzieUSA
71%
Państwo które stworzyło kilka dyscyplin sportowych, w szczególności piłkę nożną, rugby i polo.Wielka Brytania
63%
Państwo w którym jego obywatel wypija 93 litry piwaPolska
60%
Państwo które za symbol uznaje pandęChiny
59%
Państwo w którym znajduje się posągowy most KarolaCzechy
59%
Państwo które jest największe na największym półwyspie na świecieArabia Saudyjska
46%
Państwo w którym większość nazwisk kończy się na "ic"Serbia
34%
Państwo które płaci 600 złotych uczniom za chodzenie do szkoły średniejSzwecja
34%
Państwo znajduje się w Unii Europejskiej, ale nie jest w NATOAustria
30%
Państwo w którym najlepiej zachowane mury obronne (sfilmowanu tu kawałek gry o tron)Chorwacja
29%
Państwo ma największą ilość ogrodów zoologicznych. Jest ich ponad 400.Niemcy
17%
Państwo to zostało założone w 980 r. p. n. e. czyni jest jednym z najstarszych narodów na świecie.Etiopia
7%
Państwo które w alfabecie nie ma liter K, Y, W, X, JWłochy
6%
Państwo w którym poza USA i Indonezji występują skunksyFilipiny
5%
Państwo które stanowi jednak tylko część jej historycznej ojczyznyMongolia
5%
Państwo w którym prezydent nagrał album romantycznych ballad.Rosja
5%
Państwo w którym obrączki ślubne nosi się na prawej dłoni i na prawym palcu.Ukraina
1%
Państwo w którym mieszka ponad 200 różnych grup etnicznych i językowychCzad
0%
Państwo o którym mowa posiada język który ma 1700 latRumunia
0%

Rozkład punktacji

Percentyl według liczby udzielonych odpowiedzi

Procent ludzi z każdym wynikiem

Twoja historia wyników

Nie rozwiązałeś tego quizu